[Event "T-Director's Swiss sytem"]
[Site "playchess.com #662980"]
[Date "2014.03.16"]
[Round "5"]
[White "Fabdraguignan"]
[Black "Muzio44"]
[Result "0-1"]
[WhiteElo "1708"]
[BlackElo "1710"]
[PlyCount "62"]
[EventDate "2014.03.16"]
[EventType "swiss (blitz)"]

1. c4 {[%emt 0:00:07]} Nf6 {[%emt 0:00:02]} 2. Nc3 {[%emt 0:00:04]} c5 {[%emt
0:00:01]} 3. Nf3 {[%emt 0:00:08]} g6 {[%emt 0:00:01]} 4. d4 {[%emt 0:00:04]}
cxd4 {[%emt 0:00:02]} 5. Nxd4 {[%emt 0:00:01]} Nc6 {[%emt 0:00:01]} 6. e4 {
[%emt 0:00:02]} d6 {[%emt 0:00:06]} 7. f3 {[%emt 0:00:03]} Bg7 {[%emt 0:00:01]}
8. Be3 {[%emt 0:00:02]} O-O {[%emt 0:00:06]} 9. Be2 {[%emt 0:00:01]} a6 {[%emt
0:00:08]} 10. O-O {[%emt 0:00:02]} Rb8 {[%emt 0:00:01]} 11. Qd2 {[%emt 0:00:11]
} Ne5 {[%emt 0:00:18]} 12. Rfd1 {[%emt 0:00:10]} Bd7 {[%emt 0:00:01]} 13. Rac1
{[%emt 0:00:08]} Bc6 {[%emt 0:00:20]} 14. b4 {[%emt 0:00:17]} Qd7 {[%emt 0:00:
22]} 15. b5 {[%emt 0:00:18]} axb5 {[%emt 0:00:27]} 16. cxb5 {[%emt 0:00:02]}
Rfc8 {[%emt 0:00:26]} 17. bxc6 {[%emt 0:00:05]} bxc6 {[%emt 0:00:01]} 18. Rb1 {
[%emt 0:00:13]} Ra8 {[%emt 0:00:04]} 19. Qb2 {[%emt 0:00:15]} c5 {[%emt 0:00:
04]} 20. Ndb5 {[%emt 0:00:05]} Rcb8 {[%emt 0:00:05]} 21. Bxc5 {[%emt 0:00:23]}
Qc6 {[%emt 0:00:05]} 22. Bd4 {[%emt 0:00:11]} Nc4 {[%emt 0:00:11]} 23. Bxc4 {
[%emt 0:00:11]} Qxc4 {[%emt 0:00:00]} 24. Qb4 {[%emt 0:00:14]} Qc6 {[%emt 0:00:
09]} 25. Nd5 {[%emt 0:00:12]} Nxd5 {[%emt 0:00:15]} 26. exd5 {[%emt 0:00:03]}
Bxd4+ {[%emt 0:00:18]} 27. Qxd4 {[%emt 0:00:11]} Qc2 {[%emt 0:00:04]} 28. Rdc1
{[%emt 0:00:11]} Qxa2 {[%emt 0:00:06]} 29. Nc3 {[%emt 0:00:18]} Qa3 {[%emt 0:
00:16]} 30. Rxb8+ {[%emt 0:00:03]} Rxb8 {[%emt 0:00:02]} 31. Nb5 {[%emt 0:00:
23]} Qxc1+ {[%emt 0:00:03] Fabdraguignan abandonne} 0-1

[Event "T-Director's Swiss sytem"]
[Site "playchess.com #662980"]
[Date "2014.03.16"]
[Round "2"]
[White "Fadoua"]
[Black "Mehdi1783"]
[Result "0-1"]
[WhiteElo "1890"]
[BlackElo "1476"]
[PlyCount "56"]
[EventDate "2014.03.16"]
[EventType "swiss (blitz)"]

1. e4 {[%emt 0:00:01]} c5 {[%emt 0:00:15]} 2. Nf3 {[%emt 0:00:03]} d6 {[%emt 0:
00:01]} 3. d4 {[%emt 0:00:02]} cxd4 {[%emt 0:00:00]} 4. Nxd4 {[%emt 0:00:00]}
Nf6 {[%emt 0:00:01]} 5. Nc3 {[%emt 0:00:01]} a6 {[%emt 0:00:00]} 6. Bc4 {[%emt
0:00:02]} e6 {[%emt 0:00:03]} 7. Be3 {[%emt 0:00:01]} Be7 {[%emt 0:00:04]} 8.
a3 {[%emt 0:00:05]} Qc7 {[%emt 0:00:15]} 9. Bb3 {[%emt 0:00:04]} O-O {[%emt 0:
00:05]} 10. O-O {[%emt 0:00:02]} Nbd7 {[%emt 0:00:03]} 11. Bxe6 {[%emt 0:00:04]
} fxe6 {[%emt 0:00:02]} 12. Nxe6 {[%emt 0:00:01]} Qc6 {[%emt 0:00:01]} 13. Nxf8
{[%emt 0:00:24]} Bxf8 {[%emt 0:00:00]} 14. f3 {[%emt 0:00:07]} Ne5 {[%emt 0:00:
07]} 15. Bd4 {[%emt 0:00:15]} Be6 {[%emt 0:00:09]} 16. b3 {[%emt 0:00:02]} Rc8
{[%emt 0:00:14]} 17. Rc1 {[%emt 0:00:03]} Qc7 {[%emt 0:00:36]} 18. Ne2 {[%emt
0:00:09]} d5 {[%emt 0:00:07]} 19. Nf4 {[%emt 0:00:01]} Bf7 {[%emt 0:00:11]} 20.
exd5 {[%emt 0:00:08]} Nxd5 {[%emt 0:00:04]} 21. Nxd5 {[%emt 0:00:03]} Bxd5 {
[%emt 0:00:05]} 22. c4 {[%emt 0:00:01]} Bf7 {[%emt 0:00:11]} 23. Re1 {[%emt 0:
00:08]} Nc6 {[%emt 0:00:21]} 24. Bb2 {[%emt 0:00:04]} Rd8 {[%emt 0:00:07]} 25.
Qc2 {[%emt 0:00:06]} Qa5 {[%emt 0:00:08]} 26. b4 {[%emt 0:00:09]} Qg5 {[%emt 0:
00:11]} 27. Qc3 {[%emt 0:00:49]} Rd2 {[%emt 0:00:12]} 28. g4 {[%emt 0:00:05]}
Qf4 {[%emt 0:00:15] Fadoua abandonne} 0-1

[Event "T-Director's Swiss sytem"]
[Site "playchess.com #662980"]
[Date "2014.03.16"]
[Round "2"]
[White "Fausto robles"]
[Black "Adamavi"]
[Result "0-1"]
[WhiteElo "1732"]
[BlackElo "1381"]
[PlyCount "98"]
[EventDate "2014.03.16"]
[EventType "swiss (blitz)"]

1. e4 {[%emt 0:00:04]} c6 {[%emt 0:00:01]} 2. Nc3 {[%emt 0:00:02]} d5 {[%emt 0:
00:01]} 3. Nf3 {[%emt 0:00:01]} Nf6 {[%emt 0:00:02]} 4. exd5 {[%emt 0:00:15]}
Nxd5 {[%emt 0:00:10]} 5. Nxd5 {[%emt 0:00:04]} cxd5 {[%emt 0:00:03]} 6. d4 {
[%emt 0:00:01]} Nc6 {[%emt 0:00:08]} 7. Be2 {[%emt 0:00:03]} Bf5 {[%emt 0:00:
04]} 8. a3 {[%emt 0:00:06]} e6 {[%emt 0:00:02]} 9. O-O {[%emt 0:00:01]} Be7 {
[%emt 0:00:03]} 10. Be3 {[%emt 0:00:07]} O-O {[%emt 0:00:03]} 11. c4 {[%emt 0:
00:01]} dxc4 {[%emt 0:00:13]} 12. Bxc4 {[%emt 0:00:01]} Rc8 {[%emt 0:00:08]}
13. b3 {[%emt 0:00:04]} Na5 {[%emt 0:00:27]} 14. Bd3 {[%emt 0:00:20]} Bxd3 {
[%emt 0:00:26]} 15. Qxd3 {[%emt 0:00:02]} Qb6 {[%emt 0:00:06]} 16. Rfb1 {[%emt
0:00:09]} Qd6 {[%emt 0:00:39]} 17. Ne5 {[%emt 0:00:10]} Bf6 {[%emt 0:00:19]}
18. Nc4 {[%emt 0:00:12]} Nxc4 {[%emt 0:00:05]} 19. bxc4 {[%emt 0:00:01]} b6 {
[%emt 0:00:06]} 20. a4 {[%emt 0:00:12]} Rfd8 {[%emt 0:00:22]} 21. Rd1 {[%emt 0:
00:03]} e5 {[%emt 0:00:12]} 22. a5 {[%emt 0:00:38]} exd4 {[%emt 0:00:10]} 23.
Bd2 {[%emt 0:00:01]} Qc5 {[%emt 0:00:26]} 24. axb6 {[%emt 0:00:03]} axb6 {
[%emt 0:00:10]} 25. Rac1 {[%emt 0:00:14]} Bg5 {[%emt 0:00:12]} 26. f4 {[%emt 0:
00:11]} Bf6 {[%emt 0:00:09]} 27. g4 {[%emt 0:00:08]} h6 {[%emt 0:00:06]} 28.
Re1 {[%emt 0:00:10]} Re8 {[%emt 0:00:13]} 29. Red1 {[%emt 0:00:15]} Ra8 {[%emt
0:00:12]} 30. Rb1 {[%emt 0:00:08]} Ra3 {[%emt 0:00:04]} 31. Qf1 {[%emt 0:00:22]
} d3+ {[%emt 0:00:06]} 32. Kh1 {[%emt 0:00:01]} Re2 {[%emt 0:00:12]} 33. Qf3 {
[%emt 0:00:16]} Qxc4 {[%emt 0:00:06]} 34. Rb4 {[%emt 0:00:04]} Qc2 {[%emt 0:00:
08]} 35. Rc1 {[%emt 0:00:19] .} Qxd2 {[%emt 0:00:05]} 36. Rc8+ {[%emt 0:00:02]}
Kh7 {[%emt 0:00:04]} 37. Rb1 {[%emt 0:00:07]} Rxh2+ {[%emt 0:00:02]} 38. Kg1 {
[%emt 0:00:02]} Bd4+ {[%emt 0:00:03]} 39. Kf1 {[%emt 0:00:03]} Qe2+ {[%emt 0:
00:09]} 40. Qxe2 {[%emt 0:00:02]} dxe2+ {[%emt 0:00:01]} 41. Ke1 {[%emt 0:00:
03]} Rg3 {[%emt 0:00:02]} 42. Rcc1 {[%emt 0:00:09]} Rg1+ {[%emt 0:00:01]} 43.
Kd2 {[%emt 0:00:01]} Rxc1 {[%emt 0:00:03]} 44. Rxc1 {[%emt 0:00:01]} Bf6 {
[%emt 0:00:03]} 45. g5 {[%emt 0:00:03]} e1=Q+ {[%emt 0:00:02]} 46. Kxe1 {[%emt
0:00:03]} Rh1+ {[%emt 0:00:01]} 47. Kd2 {[%emt 0:00:01]} Rxc1 {[%emt 0:00:00]}
48. Kxc1 {[%emt 0:00:01]} hxg5 {[%emt 0:00:00]} 49. f5 {[%emt 0:00:00]} g4 {
[%emt 0:00:02] Fausto robles rinde} 0-1

[Event "T-Director's Swiss sytem"]
[Site "playchess.com #662980"]
[Date "2014.03.16"]
[Round "8"]
[White "Fc2008"]
[Black "Bekakv"]
[Result "0-1"]
[WhiteElo "2402"]
[BlackElo "2268"]
[PlyCount "64"]
[EventDate "2014.03.16"]
[EventType "swiss (blitz)"]

1. d4 {[%emt 0:00:06]} Nf6 {[%emt 0:00:01]} 2. c4 {[%emt 0:00:02]} g6 {[%emt 0:
00:01]} 3. Nc3 {[%emt 0:00:02]} d5 {[%emt 0:00:00]} 4. Nf3 {[%emt 0:00:03]} Bg7
{[%emt 0:00:01]} 5. Bg5 {[%emt 0:00:01]} Ne4 {[%emt 0:00:01]} 6. Bh4 {[%emt 0:
00:01]} Nxc3 {[%emt 0:00:01]} 7. bxc3 {[%emt 0:00:02]} dxc4 {[%emt 0:00:00]} 8.
e3 {[%emt 0:00:01]} Be6 {[%emt 0:00:01]} 9. Qb1 {[%emt 0:00:06]} Nd7 {[%emt 0:
00:01]} 10. Nd2 {[%emt 0:00:08]} Nb6 {[%emt 0:00:02]} 11. a4 {[%emt 0:00:03]}
a5 {[%emt 0:00:01]} 12. Be2 {[%emt 0:00:06]} O-O {[%emt 0:00:02]} 13. O-O {
[%emt 0:00:02]} Qd7 {[%emt 0:00:10]} 14. e4 {[%emt 0:00:07]} Nxa4 {[%emt 0:00:
15]} 15. Rc1 {[%emt 0:00:05]} b5 {[%emt 0:00:06]} 16. d5 {[%emt 0:00:03]} Nxc3
{[%emt 0:00:08]} 17. Rxc3 {[%emt 0:00:03]} Bxc3 {[%emt 0:00:01]} 18. Ra2 {
[%emt 0:00:18]} Bg4 {[%emt 0:01:44]} 19. f3 {[%emt 0:00:02]} c6 {[%emt 0:00:21]
} 20. fxg4 {[%emt 0:00:18]} cxd5 {[%emt 0:00:01]} 21. Nf3 {[%emt 0:00:15]} d4 {
[%emt 0:00:07]} 22. Qc1 {[%emt 0:00:24]} Rac8 {[%emt 0:00:17]} 23. h3 {[%emt 0:
00:11]} b4 {[%emt 0:00:04]} 24. Qh6 {[%emt 0:00:19]} f6 {[%emt 0:00:03]} 25.
Rxa5 {[%emt 0:00:07]} d3 {[%emt 0:00:07]} 26. Rd5 {[%emt 0:00:04]} Qa7+ {[%emt
0:00:15]} 27. Bf2 {[%emt 0:00:07]} Qa1+ {[%emt 0:00:02]} 28. Bf1 {[%emt 0:00:
01]} b3 {[%emt 0:00:13]} 29. e5 {[%emt 0:00:02]} b2 {[%emt 0:00:08]} 30. exf6 {
[%emt 0:00:12]} Bxf6 {[%emt 0:00:07]} 31. Ng5 {[%emt 0:00:06]} Bxg5 {[%emt 0:
00:04]} 32. Rxg5 {[%emt 0:00:02]} b1=Q {[%emt 0:00:03] Fc2008 resigns} 0-1

[Event "T-Director's Swiss sytem"]
[Site "playchess.com #662980"]
[Date "2014.03.16"]
[Round "9"]
[White "Fc2008"]
[Black "Bozo333"]
[Result "1-0"]
[WhiteElo "2378"]
[BlackElo "1892"]
[PlyCount "109"]
[EventDate "2014.03.16"]
[EventType "swiss (blitz)"]

1. e4 {[%emt 0:00:05]} e6 {[%emt 0:00:02]} 2. Nf3 {[%emt 0:00:03]} d5 {[%emt 0:
00:01]} 3. e5 {[%emt 0:00:01]} c5 {[%emt 0:00:02]} 4. b4 {[%emt 0:00:01]} cxb4
{[%emt 0:00:01]} 5. d4 {[%emt 0:00:02]} Nc6 {[%emt 0:00:01]} 6. a3 {[%emt 0:00:
05]} a6 {[%emt 0:00:02]} 7. axb4 {[%emt 0:00:02]} Bxb4+ {[%emt 0:00:05]} 8. c3
{[%emt 0:00:01]} Bf8 {[%emt 0:00:06]} 9. Bd3 {[%emt 0:00:02]} Bd7 {[%emt 0:00:
08]} 10. h4 {[%emt 0:00:05]} h6 {[%emt 0:00:02]} 11. Rh3 {[%emt 0:00:03]} Nge7
{[%emt 0:00:04]} 12. g4 {[%emt 0:00:02]} g6 {[%emt 0:00:11]} 13. h5 {[%emt 0:
00:03]} g5 {[%emt 0:00:01]} 14. Kf1 {[%emt 0:00:03]} Na5 {[%emt 0:00:04]} 15.
Kg2 {[%emt 0:00:03]} Rc8 {[%emt 0:00:03]} 16. Ba3 {[%emt 0:00:03]} Nc4 {[%emt
0:00:04]} 17. Bc1 {[%emt 0:00:16]} Nc6 {[%emt 0:00:17]} 18. Ng1 {[%emt 0:00:04]
} N6a5 {[%emt 0:00:03]} 19. Ne2 {[%emt 0:00:02]} Qb6 {[%emt 0:00:04]} 20. f4 {
[%emt 0:00:06]} Nb3 {[%emt 0:00:06]} 21. Ra2 {[%emt 0:00:07]} Nxc1 {[%emt 0:00:
06]} 22. Qxc1 {[%emt 0:00:02]} Be7 {[%emt 0:00:10]} 23. f5 {[%emt 0:00:02]} Na5
{[%emt 0:00:26]} 24. f6 {[%emt 0:00:03]} Bf8 {[%emt 0:00:04]} 25. Nd2 {[%emt 0:
00:05]} Bb5 {[%emt 0:00:07]} 26. Qb1 {[%emt 0:00:02]} Rc6 {[%emt 0:00:18]} 27.
Rb2 {[%emt 0:00:08]} Ba3 {[%emt 0:00:16]} 28. Rxb5 {[%emt 0:00:04]} axb5 {
[%emt 0:00:08]} 29. Bxb5 {[%emt 0:00:02]} O-O {[%emt 0:00:11]} 30. Bxc6 {[%emt
0:00:06]} Qxc6 {[%emt 0:00:03]} 31. Nf3 {[%emt 0:00:07]} Kh8 {[%emt 0:00:34]}
32. Qd3 {[%emt 0:00:19]} Rg8 {[%emt 0:00:07]} 33. Rh1 {[%emt 0:00:05]} Qc4 {
[%emt 0:00:08]} 34. Qxc4 {[%emt 0:00:23]} Nxc4 {[%emt 0:00:03]} 35. Rb1 {[%emt
0:00:04]} b6 {[%emt 0:00:05]} 36. Kf2 {[%emt 0:00:03]} Ra8 {[%emt 0:00:07]} 37.
Ng3 {[%emt 0:00:07]} Bb2 {[%emt 0:00:09]} 38. Ne2 {[%emt 0:00:11]} Ra2 {[%emt
0:00:03]} 39. Kg3 {[%emt 0:00:01]} Ba3 {[%emt 0:00:17]} 40. Nfg1 {[%emt 0:00:
02]} Kg8 {[%emt 0:00:33]} 41. Nc1 {[%emt 0:00:06]} Rc2 {[%emt 0:00:06]} 42.
Nge2 {[%emt 0:00:04]} Kf8 {[%emt 0:00:10]} 43. Kf2 {[%emt 0:00:03]} Ke8 {[%emt
0:00:05]} 44. Ke1 {[%emt 0:00:01]} Kd7 {[%emt 0:00:06]} 45. Nd3 {[%emt 0:00:02]
} Kc6 {[%emt 0:00:09]} 46. Nb4+ {[%emt 0:00:04]} Bxb4 {[%emt 0:00:11]} 47. Rxb4
{[%emt 0:00:00]} b5 {[%emt 0:00:07]} 48. Rb1 {[%emt 0:00:03]} Ne3 {[%emt 0:00:
07]} 49. Ra1 {[%emt 0:00:04]} Nxg4 {[%emt 0:00:04]} 50. Ra7 {[%emt 0:00:02]}
Rb2 {[%emt 0:00:06]} 51. Rxf7 {[%emt 0:00:03]} Ne3 {[%emt 0:00:03]} 52. Rg7 {
[%emt 0:00:11] .} Nc4 {[%emt 0:00:04]} 53. f7 {[%emt 0:00:09]} Rb1+ {[%emt 0:
00:01]} 54. Kf2 {[%emt 0:00:02]} Rb2 {[%emt 0:00:03]} 55. f8=Q {[%emt 0:00:02]
Bozo333 abandonne} 1-0

[Event "T-Director's Swiss sytem"]
[Site "playchess.com #662980"]
[Date "2014.03.16"]
[Round "4"]
[White "Fc2008"]
[Black "Fxpodvin"]
[Result "1-0"]
[WhiteElo "2429"]
[BlackElo "2005"]
[PlyCount "47"]
[EventDate "2014.03.16"]
[EventType "swiss (blitz)"]

1. e4 {[%emt 0:00:02]} c5 {[%emt 0:00:03]} 2. Nf3 {[%emt 0:00:02]} d6 {[%emt 0:
00:01]} 3. d4 {[%emt 0:00:01]} cxd4 {[%emt 0:00:00]} 4. Nxd4 {[%emt 0:00:01]}
Nf6 {[%emt 0:00:01]} 5. Nc3 {[%emt 0:00:01]} g6 {[%emt 0:00:01]} 6. Be3 {[%emt
0:00:02]} Bg7 {[%emt 0:00:01]} 7. f3 {[%emt 0:00:03]} O-O {[%emt 0:00:01]} 8.
Bc4 {[%emt 0:00:01]} Nc6 {[%emt 0:00:01]} 9. Qd2 {[%emt 0:00:02]} Bd7 {[%emt 0:
00:01]} 10. h4 {[%emt 0:00:02]} a5 {[%emt 0:00:14]} 11. a4 {[%emt 0:00:07]}
Nxd4 {[%emt 0:00:12]} 12. Bxd4 {[%emt 0:00:02]} Be6 {[%emt 0:00:01]} 13. Bxe6 {
[%emt 0:00:12]} fxe6 {[%emt 0:00:00]} 14. h5 {[%emt 0:00:06]} e5 {[%emt 0:00:
03]} 15. Be3 {[%emt 0:00:07]} Nxh5 {[%emt 0:00:03]} 16. O-O-O {[%emt 0:00:22]}
Rc8 {[%emt 0:00:05]} 17. Kb1 {[%emt 0:00:06]} Qd7 {[%emt 0:00:10]} 18. b3 {
[%emt 0:00:05]} Rc6 {[%emt 0:00:12]} 19. Nd5 {[%emt 0:00:02]} Rfc8 {[%emt 0:00:
07]} 20. c4 {[%emt 0:00:02]} Nf6 {[%emt 0:00:10]} 21. Nb6 {[%emt 0:00:05]} Rxb6
{[%emt 0:00:03]} 22. Bxb6 {[%emt 0:00:02]} h5 {[%emt 0:00:11]} 23. Qxa5 {[%emt
0:00:08]} Qe6 {[%emt 0:00:09]} 24. Be3 {[%emt 0:00:11] Fxpodvin abandonne} 1-0

[Event "T-Director's Swiss sytem"]
[Site "playchess.com #662980"]
[Date "2014.03.16"]
[Round "1"]
[White "Fc2008"]
[Black "Skobac"]
[Result "1-0"]
[WhiteElo "2422"]
[BlackElo "1689"]
[PlyCount "107"]
[EventDate "2014.03.16"]
[EventType "swiss (blitz)"]

1. d4 {[%emt 0:00:04]} d5 {[%emt 0:00:01]} 2. c4 {[%emt 0:00:02]} c6 {[%emt 0:
00:08]} 3. Nf3 {[%emt 0:00:02]} Nf6 {[%emt 0:00:03]} 4. Nc3 {[%emt 0:00:02]} e6
{[%emt 0:00:05]} 5. e3 {[%emt 0:00:02]} Bd6 {[%emt 0:00:04]} 6. a3 {[%emt 0:00:
02]} Nbd7 {[%emt 0:00:02]} 7. Qc2 {[%emt 0:00:02]} O-O {[%emt 0:00:03]} 8. Bd2
{[%emt 0:00:02]} Re8 {[%emt 0:00:14]} 9. Be2 {[%emt 0:00:04]} e5 {[%emt 0:00:
01]} 10. dxe5 {[%emt 0:00:08]} Nxe5 {[%emt 0:00:03]} 11. Nxe5 {[%emt 0:00:01]}
Bxe5 {[%emt 0:00:02]} 12. cxd5 {[%emt 0:00:01]} Bxc3 {[%emt 0:00:24]} 13. Bxc3
{[%emt 0:00:03]} Nxd5 {[%emt 0:00:01]} 14. O-O {[%emt 0:00:11]} Nxc3 {[%emt 0:
00:10]} 15. Qxc3 {[%emt 0:00:01]} Be6 {[%emt 0:00:08]} 16. e4 {[%emt 0:00:03]}
Qb6 {[%emt 0:00:06]} 17. Kh1 {[%emt 0:00:02]} Rad8 {[%emt 0:00:02]} 18. f4 {
[%emt 0:00:10]} Qb3 {[%emt 0:00:26] Skobac offers a draw} 19. Bf3 {[%emt 0:00:
50]} Qxc3 {[%emt 0:00:10]} 20. bxc3 {[%emt 0:00:02]} Bc4 {[%emt 0:00:01]} 21.
Rfe1 {[%emt 0:00:04]} Rd3 {[%emt 0:00:34]} 22. Rac1 {[%emt 0:00:03]} Red8 {
[%emt 0:00:10]} 23. h4 {[%emt 0:00:02]} Rd2 {[%emt 0:00:16] Skobac offers a
draw} 24. Kh2 {[%emt 0:00:09]} f6 {[%emt 0:00:32]} 25. e5 {[%emt 0:00:09]} fxe5
{[%emt 0:00:08]} 26. Rxe5 {[%emt 0:00:03]} Bd5 {[%emt 0:00:14]} 27. Bxd5+ {
[%emt 0:00:05]} R2xd5 {[%emt 0:00:06]} 28. Rce1 {[%emt 0:00:11] Skobac offers
a draw} Rxe5 {[%emt 0:00:01]} 29. Rxe5 {[%emt 0:00:02]} Kf7 {[%emt 0:00:03]}
30. a4 {[%emt 0:00:11]} Rd3 {[%emt 0:00:09]} 31. Rc5 {[%emt 0:00:02]} Rd5 {
[%emt 0:00:12] Skobac offers a draw} 32. Rxd5 {[%emt 0:00:31]} cxd5 {[%emt 0:
00:01]} 33. Kg3 {[%emt 0:00:01]} Ke6 {[%emt 0:00:03]} 34. Kf3 {[%emt 0:00:01]}
Kd6 {[%emt 0:00:00]} 35. g4 {[%emt 0:00:02]} a6 {[%emt 0:00:10]} 36. a5 {[%emt
0:00:02]} Kc5 {[%emt 0:00:05]} 37. f5 {[%emt 0:00:01]} d4 {[%emt 0:00:12]} 38.
cxd4+ {[%emt 0:00:04]} Kxd4 {[%emt 0:00:01]} 39. Kf4 {[%emt 0:00:01]} Kd5 {
[%emt 0:00:01]} 40. g5 {[%emt 0:00:01]} Kd6 {[%emt 0:00:05]} 41. Ke4 {[%emt 0:
00:03]} h6 {[%emt 0:00:31]} 42. f6 {[%emt 0:00:05]} gxf6 {[%emt 0:00:17]} 43.
gxh6 {[%emt 0:00:03]} Ke6 {[%emt 0:00:13]} 44. h7 {[%emt 0:00:03]} f5+ {[%emt
0:00:00]} 45. Kf4 {[%emt 0:00:02]} Kd6 {[%emt 0:00:01]} 46. h8=Q {[%emt 0:00:
02]} Kc6 {[%emt 0:00:01]} 47. Qd8 {[%emt 0:00:05]} b6 {[%emt 0:00:06]} 48.
Qxb6+ {[%emt 0:00:02]} Kd5 {[%emt 0:00:00]} 49. h5 {[%emt 0:00:01]} Kc4 {[%emt
0:00:02]} 50. h6 {[%emt 0:00:01]} Kd3 {[%emt 0:00:01]} 51. h7 {[%emt 0:00:01]}
Ke2 {[%emt 0:00:01]} 52. h8=Q {[%emt 0:00:01]} Kf1 {[%emt 0:00:00]} 53. Qh2 {
[%emt 0:00:03]} Ke1 {[%emt 0:00:01]} 54. Qb1# {[%emt 0:00:01]} 1-0

[Event "T-Director's Swiss sytem"]
[Site "playchess.com #662980"]
[Date "2014.03.16"]
[Round "6"]
[White "Fc2008"]
[Black "Thej"]
[Result "0-1"]
[WhiteElo "2422"]
[BlackElo "2289"]
[PlyCount "82"]
[EventDate "2014.03.16"]
[EventType "swiss (blitz)"]

1. e4 {[%emt 0:00:03]} c6 {[%emt 0:00:02]} 2. d4 {[%emt 0:00:02]} d5 {[%emt 0:
00:01]} 3. Nd2 {[%emt 0:00:04]} dxe4 {[%emt 0:00:01]} 4. Nxe4 {[%emt 0:00:01]}
Bf5 {[%emt 0:00:01]} 5. Ng3 {[%emt 0:00:01]} Bg6 {[%emt 0:00:01]} 6. h4 {[%emt
0:00:01]} h6 {[%emt 0:00:01]} 7. Nh3 {[%emt 0:00:01]} e6 {[%emt 0:00:05]} 8.
Nf4 {[%emt 0:00:02]} Bh7 {[%emt 0:00:01]} 9. Bc4 {[%emt 0:00:06]} Nf6 {[%emt 0:
00:20]} 10. c3 {[%emt 0:00:11]} Bd6 {[%emt 0:00:06]} 11. Ngh5 {[%emt 0:00:17]}
O-O {[%emt 0:00:14]} 12. Qf3 {[%emt 0:00:14]} Nbd7 {[%emt 0:00:15]} 13. Be3 {
[%emt 0:00:38]} Nb6 {[%emt 0:00:19]} 14. Bb3 {[%emt 0:00:04]} Nbd5 {[%emt 0:00:
03]} 15. Bxd5 {[%emt 0:00:20]} cxd5 {[%emt 0:00:18]} 16. Nxf6+ {[%emt 0:00:19]}
Qxf6 {[%emt 0:00:04]} 17. Nh5 {[%emt 0:00:11]} Qxf3 {[%emt 0:00:03]} 18. gxf3 {
[%emt 0:00:01]} Bg6 {[%emt 0:00:12]} 19. Ng3 {[%emt 0:00:01]} b5 {[%emt 0:00:
04]} 20. a3 {[%emt 0:00:13]} a5 {[%emt 0:00:03]} 21. Bd2 {[%emt 0:00:07]} Bd3 {
[%emt 0:00:10]} 22. O-O-O {[%emt 0:00:09]} Bh7 {[%emt 0:00:09]} 23. Rhg1 {
[%emt 0:00:08]} Kh8 {[%emt 0:00:03]} 24. Nh5 {[%emt 0:00:04]} Rg8 {[%emt 0:00:
02]} 25. Bf4 {[%emt 0:00:02]} Be7 {[%emt 0:00:05]} 26. Be5 {[%emt 0:00:15]} f6
{[%emt 0:00:08]} 27. Bf4 {[%emt 0:00:01]} b4 {[%emt 0:00:02]} 28. a4 {[%emt 0:
00:10]} bxc3 {[%emt 0:00:06]} 29. bxc3 {[%emt 0:00:02]} g5 {[%emt 0:00:10]} 30.
hxg5 {[%emt 0:00:04]} hxg5 {[%emt 0:00:03]} 31. Bg3 {[%emt 0:00:01]} Rg6 {
[%emt 0:00:09]} 32. Kd2 {[%emt 0:00:06]} Rh6 {[%emt 0:00:07]} 33. Rh1 {[%emt 0:
00:02]} Kg8 {[%emt 0:00:10]} 34. Rh2 {[%emt 0:00:08]} Kf7 {[%emt 0:00:03]} 35.
f4 {[%emt 0:00:25]} Bg6 {[%emt 0:00:05]} 36. Nxf6 {[%emt 0:00:34]} Rxh2 {[%emt
0:00:04]} 37. Bxh2 {[%emt 0:00:02]} Bxf6 {[%emt 0:00:01]} 38. fxg5 {[%emt 0:00:
05]} Bxg5+ {[%emt 0:00:01]} 39. f4 {[%emt 0:00:01]} Bf6 {[%emt 0:00:02]} 40.
Bg3 {[%emt 0:00:01]} Bf5 {[%emt 0:00:02]} 41. Rh1 {[%emt 0:00:07]} Rb8 {[%emt
0:00:02] Fc2008 resigns} 0-1

[Event "T-Director's Swiss sytem"]
[Site "playchess.com #662980"]
[Date "2014.03.16"]
[Round "6"]
[White "FoxyMoves2"]
[Black "Irremeabilis"]
[Result "0-1"]
[WhiteElo "1985"]
[BlackElo "1986"]
[PlyCount "104"]
[EventDate "2014.03.16"]
[EventType "swiss (blitz)"]

1. d4 {[%emt 0:00:02]} g6 {[%emt 0:00:04]} 2. c4 {[%emt 0:00:01]} Bg7 {[%emt 0:
00:01]} 3. Nf3 {[%emt 0:00:02]} c5 {[%emt 0:00:01]} 4. d5 {[%emt 0:00:08]} f5 {
[%emt 0:00:01]} 5. Nc3 {[%emt 0:00:02]} Bxc3+ {[%emt 0:00:01]} 6. bxc3 {[%emt
0:00:02]} Qa5 {[%emt 0:00:01]} 7. Qd3 {[%emt 0:00:13]} d6 {[%emt 0:00:03]} 8.
h4 {[%emt 0:00:14]} Nf6 {[%emt 0:00:02]} 9. Nd2 {[%emt 0:00:38]} Nbd7 {[%emt 0:
00:15]} 10. Nb3 {[%emt 0:00:11]} Qa6 {[%emt 0:00:01]} 11. Bf4 {[%emt 0:00:07]}
Ng4 {[%emt 0:00:03]} 12. e4 {[%emt 0:00:19]} Nde5 {[%emt 0:00:13]} 13. Qe2 {
[%emt 0:00:01]} fxe4 {[%emt 0:00:04]} 14. f3 {[%emt 0:00:13]} O-O {[%emt 0:00:
53]} 15. Bxe5 {[%emt 0:01:40]} exf3 {[%emt 0:00:11]} 16. gxf3 {[%emt 0:00:02]}
Nxe5 {[%emt 0:00:03]} 17. Nd2 {[%emt 0:00:07]} Qa3 {[%emt 0:00:09]} 18. Qe3 {
[%emt 0:00:04]} Qb2 {[%emt 0:00:25]} 19. Rd1 {[%emt 0:00:02]} Bf5 {[%emt 0:00:
36]} 20. Be2 {[%emt 0:00:27]} Qc2 {[%emt 0:00:37]} 21. h5 {[%emt 0:00:12]} Nd3+
{[%emt 0:00:05]} 22. Kf1 {[%emt 0:00:10]} Nb2 {[%emt 0:00:12]} 23. Re1 {[%emt
0:00:22]} Bd3 {[%emt 0:00:06]} 24. Qe6+ {[%emt 0:00:13]} Kh8 {[%emt 0:00:22] '}
25. hxg6 {[%emt 0:00:07]} Bxg6 {[%emt 0:00:12]} 26. Qe3 {[%emt 0:00:06]} Rf7 {
[%emt 0:00:08]} 27. Kg2 {[%emt 0:00:01]} Rg8 {[%emt 0:00:07]} 28. Kf2 {[%emt 0:
00:03]} Rgf8 {[%emt 0:00:04]} 29. Kg2 {[%emt 0:00:00]} Rg8 {[%emt 0:00:03]} 30.
Kf2 {[%emt 0:00:01]} Nd3+ {[%emt 0:00:01]} 31. Bxd3 {[%emt 0:00:02]} Qxd3 {
[%emt 0:00:04]} 32. Qxd3 {[%emt 0:00:03]} Bxd3 {[%emt 0:00:01]} 33. Ke3 {[%emt
0:00:01]} Bf5 {[%emt 0:00:10]} 34. Rh6 {[%emt 0:00:01]} Rg2 {[%emt 0:00:13]}
35. Reh1 {[%emt 0:00:01]} Kg8 {[%emt 0:00:04]} 36. Ne4 {[%emt 0:00:01]} Bg6 {
[%emt 0:00:06]} 37. a4 {[%emt 0:00:04]} Rc2 {[%emt 0:00:04]} 38. Ng5 {[%emt 0:
00:01]} Rg7 {[%emt 0:00:07]} 39. Ne6 {[%emt 0:00:02]} Rf7 {[%emt 0:00:04]} 40.
Ng5 {[%emt 0:00:01]} Rf5 {[%emt 0:00:12]} 41. Nxh7 {[%emt 0:00:01]} Rxc3+ {
[%emt 0:00:01]} 42. Kd2 {[%emt 0:00:01]} Rfxf3 {[%emt 0:00:01]} 43. Rxg6+ {
[%emt 0:00:01]} Kf7 {[%emt 0:00:01]} 44. Rg2 {[%emt 0:00:01]} Rcd3+ {[%emt 0:
00:01]} 45. Ke2 {[%emt 0:00:01]} Rfe3+ {[%emt 0:00:01]} 46. Kf2 {[%emt 0:00:01]
} Rf3+ {[%emt 0:00:01]} 47. Kg1 {[%emt 0:00:00]} Rd1+ {[%emt 0:00:03]} 48. Kh2
{[%emt 0:00:01]} Rdd3 {[%emt 0:00:04]} 49. Ng5+ {[%emt 0:00:01]} Kf6 {[%emt 0:
00:01]} 50. Nxf3 {[%emt 0:00:00]} Rxf3 {[%emt 0:00:01]} 51. Rg3 {[%emt 0:00:00]
} Rf2+ {[%emt 0:00:01]} 52. Kh3 {[%emt 0:00:01]} Ra2 {[%emt 0:00:03]
Irremeabilis claims flag (automatic).} 0-1